| 000 | 00586nam a22001697a 4500 | ||
|---|---|---|---|
| 003 | CEME | ||
| 005 | 20210628204130.0 | ||
| 008 | 210106b xxu||||| |||| 00| 0 eng d | ||
| 020 | _a9783642197291 | ||
| 040 | _cceme | ||
| 082 | _a629.892 INF | ||
| 100 |
_aCetto, Juan Andrade, Filipe, Joaquim, Ferrier, Jean-Louis _968867 |
||
| 245 | _aInformatics in control automation and robotics, revised and selected papers from the international conference on informatics in control automation and robotics 2009 | ||
| 260 |
_aINDIA _bSPRINGER _c2009 |
||
| 300 | _aXIII, 352P | ||
| 942 |
_cBK _2ddc |
||
| 999 |
_c576323 _d576323 |
||